Nezamestnanosť v regiónoch SR kde najviac tlačí topánka pri vytváraní nových pracovných miest
Miera nezamestnanosti v regiónoch SR k 30.9.1997. Okresy s najnižšou a najvyššou mierou nezamestnanosti v jednotlivých krajoch SR. Priemerný vyplatený objem príspevkov na jedného nezamestnaného v regiónoch SR. Budovanie infraštruktúry znižuje nezamestnanosť.
Salvato in:
| Autore principale: | |
|---|---|
| Altri autori: | |
| Natura: | Libro |
| Lingua: | slovacco |
| Soggetti: | |
| Tags: |
Nessun Tag, puoi essere il primo ad aggiungerne!!
|
MARC
| LEADER | 00000nam a2200000 4500 | ||
|---|---|---|---|
| 001 | r031149 | ||
| 005 | 20230824094413.2 | ||
| 041 | 0 | |a slo | |
| 044 | |a SK | ||
| 245 | 1 | 0 | |a Nezamestnanosť v regiónoch SR |b kde najviac tlačí topánka pri vytváraní nových pracovných miest |c Pavol Krnáč, Milan Mičulík |
| 520 | |a Miera nezamestnanosti v regiónoch SR k 30.9.1997. Okresy s najnižšou a najvyššou mierou nezamestnanosti v jednotlivých krajoch SR. Priemerný vyplatený objem príspevkov na jedného nezamestnaného v regiónoch SR. Budovanie infraštruktúry znižuje nezamestnanosť. | ||
| 610 | 2 | 0 | |a nezamestnanosť |
| 610 | 2 | 0 | |a miera nezamestnanosti |
| 610 | 2 | 0 | |a údaje štatistické |
| 610 | 2 | 0 | |a infraštruktúra |
| 610 | 2 | 0 | |a Slovensko |
| 610 | 2 | 0 | |a regióny |
| 100 | 1 | |a Krnáč, Pavol | |
| 700 | 1 | |a Mičulík, Milan | |